00664nam a2200193Ia 4500008004100000020001800041082001200059100002700071245007700098250000900175260004100184300002300225500001900248600003300267650001600300942000700316952013000323999001700453240925s9999 xx 000 0 und d a9781337625340 a510 HAR aHarshbarger, Ronald J. 0aMathematical applications: for the management, life, and social sciences a12th aAustralia:bCENGAGE Learningc,2019. a544p.b0fOriginal aIncludes Index aHumanities & Natural Science aMathematics cBK 001040708HUMaUITUbUITUd2021-12-28eA. R. Book Companyg5658.66l0o510 HARpQ15480r2024-09-25 07:17:43w0000-00-00yBK c17979d17979